Dedicated Freight Corridors (Record no. 215881)

MARC details
000 -LEADER
fixed length control field 00561nam a2200205 4500
005 - DATE AND TIME OF LATEST TRANSACTION
control field 20260512151109.0
010 ## - LCCN (DPL NO)
LC control number ENG-148277 ENG-148449
020 ## - INTERNATIONAL STANDARD BOOK NUMBER
International Standard Book Number 9788196232894
Terms of availability 2000.00
035 ## - SYSTEM CONTROL NUMBER
System control number EN-131809
035 ## - SYSTEM CONTROL NUMBER
System control number EN-131981
037 ## - SOURCE OF ACQUISITION
Source of stock number/acquisition DBAD
082 ## - DEWEY DECIMAL CLASSIFICATION NUMBER
Classification number 343.54096
100 ## - MAIN ENTRY--PERSONAL NAME
Personal name Vaishnaw Ashwini
245 ## - TITLE STATEMENT
Title Dedicated Freight Corridors
Statement of responsibility, etc Vaishnaw Ashwini
260 ## - PUBLICATION, DISTRIBUTION, ETC. (IMPRINT)
Place of publication, distribution, etc Minister of Railways
270 ## - ADDRESS
Address New Delhi
300 ## - PHYSICAL DESCRIPTION
Extent 510.pg
Dimensions 28cm(hb)
700 ## - ADDED ENTRY--PERSONAL NAME
Personal name Ashwini Vaishnaw
9 (RLIN) 88904
942 ## - ADDED ENTRY ELEMENTS (KOHA)
Source of classification or shelving scheme Dewey Decimal Classification
Item type English Books
Classification part 343.54096
Call number suffix VAI
Holdings
Withdrawn status Lost status Not for loan Collection code Home library Current library Date acquired Source of acquisition Cost, normal purchase price Full call number Barcode Copy number Cost, replacement price Koha item type
    Not For Loan Reference D.B.Act.Division D.B.Act.Division 12/05/2026 Delivery of Books Act Division 2000.00 343.54096 VAI EN-131981 1 2000.00 English Books
    Not For Loan Non-fiction Sarojini Nagar Sarojini Nagar 15/04/2026 DBAD 2000.00 343.54096 VAI EN-131809 1 2000.00 English Books

© Delhi Public Library
Hit Counter
free hit counter